|
|
|
|
| LEADER |
00000cas a2200000 c 4500 |
| 001 |
131050818 |
| 003 |
DE-627 |
| 005 |
20260504142705.0 |
| 007 |
tu |
| 008 |
931118c19929999gw a| p| 0 |0ger c |
| 015 |
|
|
|a 92,A19,1371
|2 dnb
|
| 016 |
7 |
|
|a 016332792
|2 DE-101
|
| 016 |
7 |
|
|a 1103187-6
|2 DE-600
|
| 022 |
|
|
|a 0941-8563
|
| 024 |
7 |
|
|a 97200006
|2 swets
|
| 035 |
|
|
|a (DE-627)131050818
|
| 035 |
|
|
|a (DE-603)048599700
|
| 035 |
|
|
|a (DE-576)028051424
|
| 035 |
|
|
|a (DE-599)ZDB1103187-6
|
| 035 |
|
|
|a (OCoLC)243724341
|
| 035 |
|
|
|a (DE-615)00253290
|
| 040 |
|
|
|a DE-627
|b ger
|c DE-627
|e rakwb
|
| 041 |
|
|
|a ger
|
| 044 |
|
|
|c XA-DE
|
| 082 |
0 |
4 |
|a 290
|a 300
|q DE-600
|
| 084 |
|
|
|a 63
|a 16
|a 14
|a 900
|a 920
|a 930
|a 940
|a 943
|a 950
|a 960
|a 970
|a 980
|a 990
|2 sdnb
|
| 084 |
|
|
|a 3,4
|a 3,6
|a 7,7
|2 ssgn
|
| 084 |
|
|
|a JUDAICA
|q DE-30
|2 fid
|
| 084 |
|
|
|a NQ 6010
|2 rvk
|0 (DE-625)rvk/128680:
|
| 084 |
|
|
|a NA 1000
|2 rvk
|0 (DE-625)rvk/124053:
|
| 084 |
|
|
|a MA 1000
|2 rvk
|0 (DE-625)rvk/122259:
|
| 084 |
|
|
|a MC 7400
|2 rvk
|0 (DE-625)rvk/122420:
|
| 084 |
|
|
|a MC 7400
|2 rvk
|0 (DE-625)rvk/122420:
|
| 084 |
|
|
|a 11.20
|2 bkl
|
| 084 |
|
|
|a 15.96
|2 bkl
|
| 084 |
|
|
|a 15.38
|2 bkl
|
| 210 |
1 |
0 |
|a Jahrb. Antisemit.forsch.
|
| 245 |
0 |
0 |
|a Jahrbuch für Antisemitismusforschung
|c hrsg. für das Zentrum für Antisemitismusforschung der Technischen Universität Berlin
|
| 264 |
3 |
1 |
|a Berlin
|b Metropol
|c 1992-
|
| 264 |
2 |
1 |
|a Frankfurt, M.
|b Campus-Verl.
|c -2001
|
| 300 |
|
|
|c 21 cm
|
| 336 |
|
|
|a Text
|b txt
|2 rdacontent
|
| 337 |
|
|
|a ohne Hilfsmittel zu benutzen
|b n
|2 rdamedia
|
| 338 |
|
|
|a Band
|b nc
|2 rdacarrier
|
| 362 |
0 |
|
|a 1.1992 -
|
| 363 |
0 |
1 |
|a 1
|i 1992
|
| 365 |
|
|
|b EUR 22.00 (Einzelbd.), sfr 31.80 (Einzelbd.)
|
| 515 |
|
|
|a Ersch. jährl.
|
| 583 |
1 |
|
|a Archivierung/Langzeitarchivierung gewährleistet
|f SLG
|x XA-DE-BW
|z BfZ
|2 pdager
|5 DE-24
|
| 583 |
1 |
|
|3 2002-
|a Archivierung/Langzeitarchivierung gewährleistet
|f PEBE
|2 pdager
|5 DE-109
|
| 655 |
|
7 |
|a Zeitschrift
|0 (DE-588)4067488-5
|0 (DE-627)10454466X
|0 (DE-576)20917000X
|2 gnd-content
|
| 689 |
0 |
0 |
|d s
|0 (DE-588)4002333-3
|0 (DE-627)10639374X
|0 (DE-576)208846603
|a Antisemitismus
|2 gnd
|
| 689 |
0 |
|
|5 DE-101
|
| 689 |
1 |
0 |
|d s
|0 (DE-588)4039409-8
|0 (DE-627)104117338
|0 (DE-576)209034890
|a Nationale Minderheit
|2 gnd
|
| 689 |
1 |
|
|5 DE-101
|
| 689 |
2 |
0 |
|d s
|0 (DE-588)4002333-3
|0 (DE-627)10639374X
|0 (DE-576)208846603
|a Antisemitismus
|2 gnd
|
| 689 |
2 |
1 |
|d s
|0 (DE-588)4017894-8
|0 (DE-627)106328379
|0 (DE-576)208921524
|a Forschung
|2 gnd
|
| 689 |
2 |
|
|5 DE-101
|
| 710 |
2 |
|
|a Technische Universität Berlin
|b Zentrum für Antisemitismusforschung
|e Herausgebendes Organ
|0 (DE-588)2117310-2
|0 (DE-627)101525796
|0 (DE-576)193783827
|4 isb
|
| 935 |
|
|
|a SAXB
|a mteo
|a BWLB
|
| 936 |
r |
v |
|a NQ 6010
|b Entnazifizierung und Kriegsverbrecher-Prozesse
|k Geschichte
|k Geschichte seit 1918
|k Deutsche Geschichte seit 1945
|k Der Zusammenbruch und seine Folgen
|k Entnazifizierung und Kriegsverbrecher-Prozesse
|0 (DE-627)1270750836
|0 (DE-625)rvk/128680:
|0 (DE-576)200750836
|
| 936 |
r |
v |
|a NA 1000
|b Zeitschriften und Jahrbücher
|k Geschichte
|k Zeitschriften und Jahrbücher
|0 (DE-627)1275270174
|0 (DE-625)rvk/124053:
|0 (DE-576)205270174
|
| 936 |
r |
v |
|a MA 1000
|b Zeitschriften
|k Politologie
|k Zeitschriften
|0 (DE-627)1271576767
|0 (DE-625)rvk/122259:
|0 (DE-576)201576767
|
| 936 |
r |
v |
|a MC 7400
|b Rassismus, Antisemitismus
|k Politologie
|k Geschichte der politischen Philosophie und der Ideologien
|k Ideologien und Massenbewegungen
|k Rassismus, Antisemitismus
|0 (DE-627)127099364X
|0 (DE-625)rvk/122420:
|0 (DE-576)20099364X
|
| 936 |
r |
v |
|a MC 7400
|b Rassismus, Antisemitismus
|k Politologie
|k Geschichte der politischen Philosophie und der Ideologien
|k Ideologien und Massenbewegungen
|k Rassismus, Antisemitismus
|0 (DE-627)127099364X
|0 (DE-625)rvk/122420:
|0 (DE-576)20099364X
|
| 936 |
b |
k |
|a 11.20
|j Judentum: Allgemeines
|x Religionswissenschaft
|0 (DE-627)106419838
|
| 936 |
b |
k |
|a 15.96
|j Geschichte des jüdischen Volkes außerhalb des Staates Israel
|0 (DE-627)106404660
|
| 936 |
b |
k |
|a 15.38
|j Europäische Geschichte nach 1945
|q coli-conc RVK->BK
|q https://coli-conc.gbv.de/api/mappings/ca5e71c2-ea45-4983-9498-0aae53095f57
|0 (DE-627)181569671
|
| 936 |
s |
n |
|a m100
|2 mzub
|
| 936 |
s |
n |
|a n100
|2 mzub
|
| 936 |
s |
n |
|a m200
|2 mzub
|
| 938 |
1 |
0 |
|0 (DE-627)1756181357
|0 (DE-615)6608133
|a Antisemitismus
|2 fivt
|
| 951 |
|
|
|a JT
|
| ELC |
|
|
|b 1
|
| LOK |
|
|
|0 000 xxxxxcx a22 zn 4500
|
| LOK |
|
|
|0 001 2183685417
|
| LOK |
|
|
|0 003 DE-627
|
| LOK |
|
|
|0 004 131050818
|
| LOK |
|
|
|0 005 20260416142627
|
| LOK |
|
|
|0 008 931213||||||||||||||||ger|||||||
|
| LOK |
|
|
|0 040
|a DE-21-110
|c DE-627
|d DE-21-110
|
| LOK |
|
|
|0 852
|z Signatur C X 264: 1. Jahrbuch (1992)
|
| LOK |
|
|
|0 852
|a DE-21-110
|
| LOK |
|
|
|0 852 1
|m p
|9 00
|
| LOK |
|
|
|0 935
|a k110
|
| LOK |
|
|
|0 936ln
|a 10.2.1
|
| LOK |
|
|
|0 938
|k p
|
| LOK |
|
|
|0 939
|a 1993-12-13
|b l01
|
| ORI |
|
|
|a WA-MARC-krimdoka001.raw
|
| SPR |
|
|
|a 1
|t KRI
|